[Event "Mittelfrankenliga 05/06 (B1)"]
[Site "Mfr.2005/06-R8"]
[Date "2006.04.02"]
[Round "8.7"]
[White "Habermann, Manfred,Dr."]
[Black "Kollitz, Carsten"]
[Result "1-0"]
[WhiteElo "1890"]
[BlackElo "1708"]
[Annotator "Cadolzburg1-Herzogenaurach1"]
[PlyCount "135"]
[EventDate "2006.04.02"]
[SourceDate "2005.10.17"]

1. d4 d5 2. g3 Nf6 3. Bg2 Bg4 4. Nf3 e6 5. O-O Nbd7 6. c4 c6 7. b3 Be7 8. Nbd2
O-O 9. Bb2 Qc7 10. Re1 Rfe8 11. e4 Nb6 12. e5 Nfd7 13. h3 Bf5 14. c5 Nc8 15.
Qe2 b6 16. b4 bxc5 17. dxc5 Rb8 18. Bc3 a5 19. a3 Na7 20. Nd4 Bg6 21. Kh2 Nb5
22. Nxb5 Rxb5 23. Nb3 axb4 24. axb4 Rbb8 25. Nd4 Ra8 26. f4 Bf8 27. h4 h6 28.
Bh3 Rxa1 29. Rxa1 Be4 30. Ra6 Nb8 31. Ra8 Qb7 32. Qa2 Be7 33. f5 exf5 34. Bxf5
Bxf5 35. Nxf5 Kf8 36. Ra7 Qc8 37. Qf2 Qe6 38. Ba1 h5 39. Nd4 Qg4 40. Nf5 Qg6
41. Qf4 Qe6 42. Nd4 Qg4 43. Qxg4 hxg4 44. Nf5 g6 45. Nh6 Rc8 46. Bd4 Ke8 47.
Ra8 Rd8 48. Nxg4 Nd7 49. Ra7 Rc8 50. Kh3 Kd8 51. Nh6 Ke8 52. Nxf7 Kxf7 53. Rxd7
Rb8 54. Bc3 Rc8 55. Ra7 Ke6 56. Bd2 Bd8 57. Rg7 Kxe5 58. Rxg6 Kf5 59. Rg8 Ke6
60. Bg5 Kd7 61. Rxd8+ Rxd8 62. Bxd8 Kxd8 63. Kg4 Ke7 64. Kf5 Kf7 65. Ke5 Kg6
66. b5 cxb5 67. Kxd5 b4 68. Kc4 1-0

[Event "Mittelfrankenliga 05/06 (B1)"]
[Site "Mfr.2005/06-R8"]
[Date "2006.04.02"]
[Round "8.8"]
[White "Kaegeler, Peter"]
[Black "Eichstaedt, Timm"]
[Result "0-1"]
[WhiteElo "1757"]
[BlackElo "1861"]
[Annotator "Cadolzburg1-Herzogenaurach1"]
[PlyCount "79"]
[EventDate "2006.04.02"]
[SourceDate "2005.10.17"]

1. f4 Nf6 2. Nf3 b6 3. d4 Bb7 4. e3 e6 5. Be2 Be7 6. O-O O-O 7. Nbd2 d6 8. Nb3
Nbd7 9. Bd2 Ne4 10. Be1 Ndf6 11. Qc1 Rc8 12. Nbd2 d5 13. Ne5 c5 14. c3 Nd6 15.
Nd3 Nf5 16. Nf3 Ne4 17. Nf2 Bf6 18. Ng4 cxd4 19. Nxf6+ Qxf6 20. exd4 Qg6 21.
Ne5 Nxd4 22. Nxg6 Nxe2+ 23. Kh1 Nxc1 24. Ne7+ Kh8 25. Nxc8 Nd3 26. Nxa7 Nd6 27.
Bf2 Nxf2+ 28. Rxf2 Ra8 29. c4 Rxa7 30. cxd5 Bxd5 31. Rd2 g6 32. a3 Nc4 33. Rf2
Rc7 34. Kg1 Ne3 35. g3 Kg7 36. Re2 Nf5 37. Rd2 h5 38. Re1 Nd6 39. Red1 Ne4 40.
Re1 0-1

[Event "Mittelfrankenliga 05/06 (B2b)"]
[Site "Mfr.2005/06-R8"]
[Date "2006.04.02"]
[Round "8.1"]
[White "Schulze, Hubertus"]
[Black "Roeschinger, Udo"]
[Result "1/2-1/2"]
[WhiteElo "2044"]
[BlackElo "1878"]
[Annotator "Heilsbronn1-NT Nbg.4"]
[PlyCount "150"]
[EventDate "2006.04.02"]
[SourceDate "2005.10.17"]

1. d4 c5 2. d5 Nf6 3. c4 Ne4 4. Nd2 Qa5 5. f3 Nd6 6. e4 g6 7. Bd3 Bg7 8. Nh3 a6
9. O-O b5 10. a4 bxc4 11. Nxc4 Nxc4 12. Bxc4 d6 13. Nf2 Qc7 14. Ra2 a5 15. b3
Ba6 16. Bb2 O-O 17. Bxg7 Kxg7 18. Qc2 Bxc4 19. Qxc4 Na6 20. Nd3 Rfb8 21. Rb2
Nb4 22. Nc1 Qc8 23. f4 Qa6 24. Qc3+ Kg8 25. f5 c4 26. fxg6 hxg6 27. Rbf2 f6 28.
bxc4 Rf8 29. c5 dxc5 30. Qxc5 Qa7 31. Qxa7 Rxa7 32. g4 Rc8 33. g5 fxg5 34. Rg2
Rc4 35. Rxg5 Rxe4 36. Rxg6+ Kh7 37. Rg5 Ra6 38. Nb3 Rg6 39. Rxg6 Kxg6 40. Rd1
Na6 41. Nxa5 Nc5 42. d6 exd6 43. Rxd6+ Kg7 44. Nc6 Nxa4 45. Kg2 Nc5 46. Nd4 Kf7
47. Nf3 Re2+ 48. Kh3 Kg7 49. Kg4 Re6 50. Rd8 Rg6+ 51. Kh4 Rh6+ 52. Kg3 Rg6+ 53.
Kf2 Ra6 54. Re8 Re6 55. Rc8 Ne4+ 56. Kf1 Rf6 57. Ke2 Nd6 58. Rc7+ Rf7 59. Rc6
Nb5 60. Rc5 Nd6 61. Rg5+ Kf8 62. h4 Ne4 63. Ra5 Nd6 64. Ng5 Rf5 65. Ra7 Kg8 66.
Ke3 Nf7 67. Ne4 Kf8 68. Ng3 Rb5 69. h5 Rb3+ 70. Kf4 Rb4+ 71. Kf5 Rb5+ 72. Kf6
Rb6+ 73. Kf5 Rb5+ 74. Kf6 Rb6+ 75. Kf5 Rb5+ 1/2-1/2

[Event "Mittelfrankenliga 05/06 (B2b)"]
[Site "Mfr.2005/06-R8"]
[Date "2006.04.02"]
[Round "8.2"]
[White "Muenster, Manfred"]
[Black "Ackermann, Robert"]
[Result "1-0"]
[WhiteElo "1923"]
[BlackElo "1922"]
[Annotator "Heilsbronn1-NT Nbg.4"]
[PlyCount "57"]
[EventDate "2006.04.02"]
[SourceDate "2005.10.17"]

1. Nc3 c5 2. Nf3 Nc6 3. d4 e6 4. d5 exd5 5. Nxd5 d6 6. Bf4 h6 7. e4 Be6 8. Ne3
Qf6 9. Bg3 Qxb2 10. Rb1 Qc3+ 11. Nd2 O-O-O 12. Bd3 Bxa2 13. Ra1 Nb4 14. O-O a6
15. Rxa2 Nxa2 16. Nd5 Qb2 17. Nc4 Qd4 18. Qd2 Nb4 19. Nxb4 cxb4 20. Qxb4 Kb8
21. Rb1 Rd7 22. Qa4 Rc7 23. Qxa6 Qc3 24. Qa4 Rxc4 25. Bxc4 Nf6 26. Ba6 Qc7 27.
e5 dxe5 28. Bxb7 Bd6 29. Qa8# 1-0

[Event "Mittelfrankenliga 05/06 (B2b)"]
[Site "Mfr.2005/06-R8"]
[Date "2006.04.02"]
[Round "8.3"]
[White "Lunz, Dieter"]
[Black "Lutzky, Manfred"]
[Result "0-1"]
[WhiteElo "1906"]
[BlackElo "1843"]
[Annotator "Heilsbronn1-NT Nbg.4"]
[PlyCount "75"]
[EventDate "2006.04.02"]
[SourceDate "2005.10.17"]

1. e4 e5 2. Nf3 Nc6 3. Bb5 a6 4. Ba4 Nf6 5. O-O Be7 6. c3 b5 7. Bc2 d5 8. Qe2
Bg4 9. h3 Bh5 10. d3 O-O 11. Re1 d4 12. g4 Bg6 13. cxd4 Nxd4 14. Nxd4 Qxd4 15.
Nc3 Bc5 16. Be3 Qd6 17. Rac1 Nd7 18. Bb3 Rac8 19. Rc2 c6 20. Rec1 Bd4 21. Qd2
Nc5 22. Nxb5 cxb5 23. Bxd4 Nxb3 24. Bxe5 Qxe5 25. axb3 Rxc2 26. Rxc2 h5 27. b4
hxg4 28. hxg4 Rd8 29. Qe2 Qd4 30. Rc3 Qxb4 31. Kg2 Qd4 32. f4 f6 33. g5 fxg5
34. f5 Bf7 35. Qd2 b4 36. Rc6 Qxd3 37. Qxd3 Rxd3 38. Rxa6 0-1

[Event "Mittelfrankenliga 05/06 (B2b)"]
[Site "Mfr.2005/06-R8"]
[Date "2006.04.02"]
[Round "8.3"]
[White "Pranschke, Gerd"]
[Black "Horneber, Thomas"]
[Result "1-0"]
[WhiteElo "1963"]
[BlackElo "1939"]
[Annotator "Heilsbronn1-NT Nbg.4"]
[PlyCount "85"]
[EventDate "2006.04.02"]
[SourceDate "2005.10.17"]

1. e4 d6 2. d4 Nf6 3. Nc3 g6 4. Bg5 Bg7 5. f4 O-O 6. Bd3 Na6 7. Nf3 c5 8. dxc5
Nxc5 9. Bh4 Bg4 10. Bf2 Rc8 11. O-O d5 12. e5 Nfe4 13. Bxe4 dxe4 14. Qxd8 Rfxd8
15. Ng5 Bf5 16. Rac1 Bh6 17. g3 f6 18. Bxc5 Rxc5 19. exf6 Bxg5 20. f7+ Kxf7 21.
fxg5 Kg7 22. Rcd1 Rxd1 23. Rxd1 b5 24. Rd5 Rxd5 25. Nxd5 e5 26. a3 a6 27. Kf2
Kf7 28. Ke3 Bc8 29. Nc3 Ke7 30. Nxe4 a5 31. Nc3 Bd7 32. Nd5+ Ke6 33. Nf6 Bc6
34. Nxh7 Kf5 35. h4 Kg4 36. Kf2 b4 37. Nf6+ Kf5 38. axb4 axb4 39. Ke3 e4 40.
g4+ Ke5 41. h5 gxh5 42. gxh5 Kf5 43. h6 1-0

[Event "Mittelfrankenliga 05/06 (B2b)"]
[Site "Mfr.2005/06-R8"]
[Date "2006.04.02"]
[Round "8.5"]
[White "Horstmann, Astrid"]
[Black "Frank, Werner[62]"]
[Result "1-0"]
[WhiteElo "1710"]
[BlackElo "1839"]
[Annotator "Heilsbronn1-NT Nbg.4"]
[PlyCount "135"]
[EventDate "2006.04.02"]
[SourceDate "2005.10.17"]

1. c4 e5 2. Nc3 d6 3. g3 c6 4. e4 Be7 5. Bg2 Be6 6. d3 Nf6 7. Nge2 Na6 8. O-O
Qc8 9. Re1 Bh3 10. Bh1 h5 11. a3 h4 12. b4 Bg4 13. f3 Bh3 14. Bg5 hxg3 15. hxg3
Rh5 16. Qd2 Nc7 17. Be3 Ne6 18. d4 Nd7 19. d5 Nef8 20. dxc6 bxc6 21. b5 Be6 22.
bxc6 Qxc6 23. Nd5 Nc5 24. Rab1 Nfd7 25. Nec3 Bd8 26. Nb5 Kf8 27. g4 Rh8 28. Nb4
Qc8 29. Nxd6 Qc7 30. Nb5 Qa5 31. Qd6+ Be7 32. Qc6 Rd8 33. Nd5 Bxd5 34. cxd5 Nb8
35. Qc7 Qxc7 36. Nxc7 a6 37. Red1 Bd6 38. Rbc1 Nbd7 39. Kg2 Ke7 40. Bxc5 Nxc5
41. a4 Rc8 42. Rxc5 Bxc5 43. Nxa6 Be3 44. Nb4 Bf4 45. Kg1 Rc1 46. Rxc1 Bxc1 47.
Bg2 Kf6 48. Bf1 Bd2 49. Nc6 Bc3 50. Kg2 Ra8 51. Bb5 Bd2 52. Kf2 Bc3 53. g5+
Kxg5 54. d6 Bd4+ 55. Ke2 Bb6 56. Nxe5 f5 57. Nc4 Bc5 58. e5 Rh8 59. e6 Rh2+ 60.
Kd3 Bxd6 61. Nxd6 Kf6 62. e7 Kxe7 63. Nxf5+ Kf6 64. Nd4 Ke5 65. Nc6+ Kf4 66.
Nd4 Ra2 67. Bc6 g5 68. Bd7 1-0

[Event "Mittelfrankenliga 05/06 (B2b)"]
[Site "Mfr.2005/06-R8"]
[Date "2006.04.02"]
[Round "8.6"]
[White "Heinz, Manfred"]
[Black "Suess, Helmut"]
[Result "1-0"]
[WhiteElo "1692"]
[BlackElo "1855"]
[Annotator "Heilsbronn1-NT Nbg.4"]
[PlyCount "109"]
[EventDate "2006.04.02"]
[SourceDate "2005.10.17"]

1. Nf3 c5 2. e3 d5 3. c4 Nf6 4. cxd5 Nxd5 5. Nc3 e6 6. Qb3 Nxc3 7. bxc3 Nc6 8.
Be2 Bd6 9. O-O O-O 10. d4 Qc7 11. e4 cxd4 12. cxd4 Bd7 13. Be3 b6 14. Rac1 Qb7
15. Rfd1 Rfd8 16. Bg5 Re8 17. e5 Bf8 18. Bd3 Nb4 19. Bb1 Bc6 20. a3 Bd5 21. Qe3
Bxf3 22. gxf3 Nd5 23. Qe4 g6 24. Rd3 Rac8 25. Rcd1 Qd7 26. f4 Nc3 27. Qf3 Nxd1
28. Rxd1 Qa4 29. f5 exf5 30. Rd3 h6 31. Bd2 Rc7 32. Ba2 Qd7 33. Qg3 Rec8 34.
Qxg6+ Kh8 35. Qh5 Rc1+ 36. Kg2 R8c2 37. Bxh6 Rxa2 38. Bxc1+ Kg8 39. Bh6 Qd5+
40. Kh3 Bxh6 41. Qxh6 f4 42. Qxf4 Kf8 43. Qf5 Rc2 44. Rf3 Rc6 45. Kg3 Ke8 46.
h4 Rc4 47. h5 Rc6 48. Qf4 b5 49. e6 Rxe6 50. Qxf7+ Kd8 51. Qg8+ Kc7 52. Rf7+
Kb6 53. Qb8+ Ka5 54. Rxa7+ Ra6 55. Qc7+ 1-0

[Event "Mittelfrankenliga 05/06 (B2b)"]
[Site "Mfr.2005/06-R8"]
[Date "2006.04.02"]
[Round "8.7"]
[White "Zippel, Harald"]
[Black "Wiedemann, Jan"]
[Result "1-0"]
[WhiteElo "1790"]
[BlackElo "1657"]
[Annotator "Heilsbronn1-NT Nbg.4"]
[PlyCount "78"]
[EventDate "2006.04.02"]
[SourceDate "2005.10.17"]

1. e4 e5 2. d4 exd4 3. c3 dxc3 4. Nxc3 Bb4 5. Bc4 Nf6 6. Bxf7+ Kxf7 7. Qb3+ d5
8. Qxb4 Nxe4 9. Nxe4 Re8 10. Be3 Rxe4 11. Qb3 c6 12. O-O-O Rc4+ 13. Qxc4 Bf5
14. Qf4 Qf6 15. Bd4 Qh6 16. Qxh6 gxh6 17. Nf3 Nd7 18. Nh4 Be6 19. f4 Bg4 20.
Rde1 c5 21. Be5 Nb6 22. h3 Bd7 23. g4 Nc4 24. b3 Nb6 25. Rh2 Re8 26. Bc3 d4 27.
Rxe8 Bxe8 28. Be1 Nd5 29. Nf5 Nxf4 30. Nd6+ Ke7 31. Nxb7 Nd3+ 32. Kd2 Bb5 33.
Re2+ Kd7 34. Bh4 Kc6 35. Na5+ Kd5 36. Re7 Ne5 37. Bg3 Nf3+ 38. Kd1 Ng5 39. Re5+
Kd6 1-0

[Event "Mittelfrankenliga 05/06 (B2b)"]
[Site "Mfr.2005/06-R8"]
[Date "2006.04.02"]
[Round "8.8"]
[White "Rammig, Claus"]
[Black "Sha, Siyu"]
[Result "1/2-1/2"]
[WhiteElo "1648"]
[BlackElo "1736"]
[Annotator "Heilsbronn1-NT Nbg.4"]
[PlyCount "106"]
[EventDate "2006.04.02"]
[SourceDate "2005.10.17"]

1. c4 Nf6 2. Nc3 g6 3. g3 Bg7 4. Bg2 c5 5. d3 O-O 6. e4 Nc6 7. Nge2 d6 8. h3 a6
9. O-O Bd7 10. f4 Rb8 11. g4 b5 12. Ng3 bxc4 13. dxc4 Ne8 14. Qe1 Nb4 15. Qd2
Be6 16. Nd5 Nc7 17. a3 Nc6 18. Rb1 Rb3 19. Ne2 Bd7 20. Qc2 Nd4 21. Nxd4 Bxd4+
22. Kh2 Rb7 23. Bd2 Nxd5 24. exd5 Qb6 25. Bc3 Bxc3 26. bxc3 Qc7 27. Rxb7 Qxb7
28. Rb1 Qc7 29. Qb2 Bc8 30. Be4 Qd7 31. f5 gxf5 32. gxf5 Kh8 33. Rg1 Rg8 34.
Rxg8+ Kxg8 35. Qg2+ Kh8 36. Qg5 Qb7 37. f6 exf6 38. Qxf6+ Kg8 39. Qxd6 Qd7 40.
Qg3+ Kh8 41. Qe5+ Kg8 42. Qg3+ Kh8 43. Qh4 f5 44. Qf6+ Kg8 45. Bf3 Qb7 46. Qd6
Qb2+ 47. Kg3 Qxc3 48. Qd8+ Kg7 49. Qxc8 Qe5+ 50. Kg2 Qb2+ 51. Kg1 Qa1+ 52. Kh2
Qb2+ 53. Bg2 Qe5+ 1/2-1/2

[Event "Mittelfrankenliga 05/06 (B2b)"]
[Site "Mfr.2005/06-R8"]
[Date "2006.04.02"]
[Round "8.1"]
[White "Wittmann, Helmut"]
[Black "Fink, Martin"]
[Result "1-0"]
[WhiteElo "2099"]
[BlackElo "1875"]
[Annotator "Heideck1-BSGW Erlangen1"]
[PlyCount "57"]
[EventDate "2006.04.02"]
[SourceDate "2005.10.17"]

1. d4 d5 2. Nf3 Nf6 3. c4 dxc4 4. Nc3 c5 5. d5 e6 6. e4 exd5 7. e5 d4 8. exf6
dxc3 9. Qxd8+ Kxd8 10. Bg5 Ke8 11. O-O-O cxb2+ 12. Kxb2 Nc6 13. Bxc4 Be6 14.
Rhe1 h6 15. Bh4 gxf6 16. Bxe6 fxe6 17. Rxe6+ Be7 18. Bxf6 Rh7 19. Bxe7 Nxe7 20.
Ne5 Rd8 21. Rxd8+ Kxd8 22. g4 Ng8 23. f4 Ne7 24. f5 Nc6 25. Nxc6+ bxc6 26. Kc3
Kd7 27. Kc4 h5 28. g5 Rf7 29. Re5 1-0

[Event "Mittelfrankenliga 05/06 (B2b)"]
[Site "Mfr.2005/06-R8"]
[Date "2006.04.02"]
[Round "8.2"]
[White "Kirchner, Norbert jr."]
[Black "Lange, Carsten[65]"]
[Result "1-0"]
[WhiteElo "2060"]
[BlackElo "1969"]
[Annotator "Heideck1-BSGW Erlangen1"]
[PlyCount "73"]
[EventDate "2006.04.02"]
[SourceDate "2005.10.17"]

1. e4 c5 2. Nf3 d6 3. d4 cxd4 4. Nxd4 Nf6 5. Bb5+ Bd7 6. Qd3 Nc6 7. Bg5 Nxd4 8.
Bxd7+ Qxd7 9. Qxd4 Rc8 10. Nc3 b6 11. O-O h6 12. Bxf6 gxf6 13. Rad1 Rg8 14. Rd3
Rc5 15. Rfd1 Qc6 16. Rg3 Rxg3 17. hxg3 Rc4 18. Qd3 Bg7 19. Nd5 e6 20. b3 Rc5
21. Ne3 Ke7 22. c4 Re5 23. Kf1 Ke8 24. f3 h5 25. Nc2 Bf8 26. Nd4 Qb7 27. Nb5
Rc5 28. Qxd6 Rc8 29. Qf4 a6 30. Nd6+ Bxd6 31. Qxd6 Qc7 32. Ke2 Qxd6 33. Rxd6
Rb8 34. Rd1 Ke7 35. Rh1 Rh8 36. g4 h4 37. Rh3 1-0

[Event "Mittelfrankenliga 05/06 (B2b)"]
[Site "Mfr.2005/06-R8"]
[Date "2006.04.02"]
[Round "8.3"]
[White "Bous, Florian"]
[Black "Platz, Stephan"]
[Result "1-0"]
[WhiteElo "1943"]
[BlackElo "1865"]
[Annotator "Heideck1-BSGW Erlangen1"]
[PlyCount "55"]
[EventDate "2006.04.02"]
[SourceDate "2005.10.17"]

1. d4 e6 2. Nf3 f5 3. g3 Nf6 4. Bg2 Be7 5. O-O O-O 6. c4 d5 7. Nc3 c6 8. b3 Qe8
9. Bb2 Qh5 10. Ne5 Nbd7 11. Nd3 g5 12. f3 Ne8 13. e4 Bf6 14. e5 Bg7 15. cxd5
cxd5 16. f4 Qxd1 17. Rfxd1 gxf4 18. Nxf4 Nb6 19. a4 a5 20. Ba3 Rf7 21. Bc5 Nd7
22. Nxe6 Bxe5 23. dxe5 Nxc5 24. Nxc5 Rc7 25. Rxd5 b6 26. Nb5 bxc5 27. Nxc7 Nxc7
28. Rd8+ 1-0

[Event "Mittelfrankenliga 05/06 (B2b)"]
[Site "Mfr.2005/06-R8"]
[Date "2006.04.02"]
[Round "8.4"]
[White "Wegmann, Wolfgang"]
[Black "Schulz, Wilfried[48]"]
[Result "0-1"]
[WhiteElo "1725"]
[BlackElo "1953"]
[Annotator "Heideck1-BSGW Erlangen1"]
[PlyCount "72"]
[EventDate "2006.04.02"]
[SourceDate "2005.10.17"]

1. e4 d5 2. exd5 Qxd5 3. Nc3 Qa5 4. d4 c6 5. Bc4 Nf6 6. Nf3 Bg4 7. Bxf7+ Kxf7
8. Ne5+ Qxe5+ 9. dxe5 Bxd1 10. exf6 Bxc2 11. fxe7 Bxe7 12. O-O Nd7 13. Be3 Rhe8
14. Rac1 Bf5 15. h3 Nf6 16. g4 Be6 17. a3 Nd5 18. Nxd5 Bxd5 19. f4 Bxa3 20. Bd4
Bb4 21. Rf2 Re4 22. Be5 Rd8 23. h4 b6 24. Kh2 Bc5 25. Rfc2 Rd7 26. h5 Be3 27.
Rf1 c5 28. g5 Bc4 29. Ra1 Bxf4+ 30. Bxf4 Rxf4 31. Kg3 Re4 32. Rf2+ Ke7 33. g6
hxg6 34. hxg6 a5 35. Kf3 Re6 36. Rg1 Rd3+ 0-1

[Event "Mittelfrankenliga 05/06 (B2b)"]
[Site "Mfr.2005/06-R8"]
[Date "2006.04.02"]
[Round "8.5"]
[White "Reinders, Rudolf"]
[Black "Reichmann, Ulrich"]
[Result "0-1"]
[WhiteElo "1902"]
[BlackElo "1908"]
[Annotator "Heideck1-BSGW Erlangen1"]
[PlyCount "52"]
[EventDate "2006.04.02"]
[SourceDate "2005.10.17"]

1. e4 c5 2. d4 cxd4 3. c3 dxc3 4. Nxc3 e6 5. Nf3 a6 6. a4 b6 7. Bc4 Bb7 8. O-O
Ne7 9. Bg5 Qc7 10. Qe2 Ng6 11. Rac1 Nc6 12. Rfd1 Bc5 13. Na2 h6 14. Be3 O-O 15.
Qd2 Nce5 16. Nxe5 Qxe5 17. f3 Bxe3+ 18. Qxe3 d5 19. Qxb6 dxc4 20. Qxb7 Qc5+ 21.
Kh1 Rab8 22. Qxa6 Rxb2 23. Nc3 Nf4 24. Qd6 Qf2 25. Rg1 Nh3 26. Rcf1 Qxg1+ 0-1

[Event "Mittelfrankenliga 05/06 (B2b)"]
[Site "Mfr.2005/06-R8"]
[Date "2006.04.02"]
[Round "8.6"]
[White "Korth, Manfred,Dr."]
[Black "Schiller, Angel"]
[Result "1/2-1/2"]
[WhiteElo "1868"]
[BlackElo "1780"]
[Annotator "Heideck1-BSGW Erlangen1"]
[PlyCount "111"]
[EventDate "2006.04.02"]
[SourceDate "2005.10.17"]

1. c4 Nf6 2. Nc3 c5 3. Nf3 g6 4. g3 Bg7 5. Bg2 O-O 6. O-O Nc6 7. d4 cxd4 8.
Nxd4 Qb6 9. e3 a6 10. b3 d6 11. Bb2 Bg4 12. Qd2 Rad8 13. Nxc6 bxc6 14. h3 Bc8
15. Kh2 Bb7 16. e4 d5 17. cxd5 cxd5 18. e5 Ne4 19. Nxe4 dxe4 20. Qe2 Qb4 21.
Rad1 Qa5 22. a3 Qb5 23. Qxb5 axb5 24. Rfe1 Rd5 25. Rxd5 Bxd5 26. b4 Rc8 27.
Bxe4 Bxe4 28. Rxe4 Rc2 29. Bd4 Ra2 30. Re3 Rxf2+ 31. Kg1 Rd2 32. Bc5 Kf8 33.
Kf1 Bh6 34. Rc3 Rd5 35. Be3 Bxe3 36. Rxe3 Ke8 37. Ke2 Kd7 38. e6+ fxe6 39. g4
e5 40. Rf3 Ke6 41. Rf8 h5 42. gxh5 gxh5 43. Rh8 e4 44. Rh6+ Kf7 45. Rh7+ Kf6
46. Rh6+ Kg5 47. Re6 Rd3 48. h4+ Kf5 49. Rb6 Rxa3 50. Rxb5+ e5 51. Rb8 Rb3 52.
b5 e3 53. b6 Ke4 54. b7 Rb2+ 55. Ke1 Rb1+ 56. Ke2 1/2-1/2

[Event "Mittelfrankenliga 05/06 (B2b)"]
[Site "Mfr.2005/06-R8"]
[Date "2006.04.02"]
[Round "8.7"]
[White "Reincke, Peter Uwe"]
[Black "Ruderer, Thomas"]
[Result "1-0"]
[WhiteElo "1759"]
[BlackElo "1732"]
[Annotator "Heideck1-BSGW Erlangen1"]
[PlyCount "77"]
[EventDate "2006.04.02"]
[SourceDate "2005.10.17"]

1. c4 c5 2. g3 Nf6 3. Bg2 Nc6 4. e3 e6 5. Ne2 Be7 6. O-O O-O 7. Nbc3 d5 8. cxd5
exd5 9. d4 cxd4 10. Nxd4 Be6 11. a3 Rc8 12. Qd2 Na5 13. Rd1 Nc4 14. Qe1 Bc5 15.
b3 Bxd4 16. Rxd4 Na5 17. Rb1 Nc6 18. Rd1 Qc7 19. Nxd5 Nxd5 20. Bxd5 Bf5 21. e4
Bg4 22. Bf4 Qe7 23. Rd2 Rfe8 24. Bd6 Qf6 25. f4 Nd4 26. e5 Qg6 27. Rxd4 Bf5 28.
Be4 f6 29. Bxf5 Qxf5 30. Qe4 Qg4 31. f5 Qg5 32. e6 Rc1+ 33. Rd1 Rxb1 34. Rxb1
Qd2 35. Bf4 Qc3 36. Qc4 Qf3 37. Rf1 Qg4 38. e7+ Kh8 39. Qf7 1-0

[Event "Mittelfrankenliga 05/06 (B2b)"]
[Site "Mfr.2005/06-R8"]
[Date "2006.04.02"]
[Round "8.8"]
[White "Dorner, Hans"]
[Black "Moosberger, Guenther"]
[Result "1/2-1/2"]
[WhiteElo "1697"]
[BlackElo "1626"]
[Annotator "Heideck1-BSGW Erlangen1"]
[PlyCount "32"]
[EventDate "2006.04.02"]
[SourceDate "2005.10.17"]

1. e4 e6 2. d4 d5 3. Nc3 Nf6 4. e5 Nfd7 5. f4 c5 6. Nf3 Nc6 7. Be3 cxd4 8. Nxd4
Bc5 9. Qd2 Nxd4 10. Bxd4 Bxd4 11. Qxd4 a6 12. O-O-O b5 13. g4 Qb6 14. Qxb6 Nxb6
15. f5 b4 16. Ne2 exf5 1/2-1/2

[Event "Mittelfrankenliga 05/06 (B2b)"]
[Site "Mfr.2005/06-R8"]
[Date "2006.04.02"]
[Round "8.1"]
[White "Alsheimer, Christoph"]
[Black "Hetzner, Helmut"]
[Result "1-0"]
[WhiteElo "2006"]
[BlackElo "1922"]
[Annotator "SK Schwabach2-Bechhofen1"]
[PlyCount "65"]
[EventDate "2006.04.02"]
[SourceDate "2005.10.17"]

1. Nf3 c6 2. e4 d5 3. Nc3 Bg4 4. d4 dxe4 5. Nxe4 Bxf3 6. Qxf3 Qxd4 7. Bd3 Nd7
8. Be3 Qxb2 9. O-O Qa3 10. Rfd1 Ngf6 11. Rab1 Rb8 12. Nxf6+ gxf6 13. Bf4 e5 14.
Rb3 Qa4 15. Be3 h5 16. Bf5 Nc5 17. Bxc5 Bxc5 18. Rd7 Bb6 19. Qd1 Qf4 20. Rf3
Qb4 21. Bh3 Rh6 22. Rg3 Kf8 23. a3 Qc5 24. Qd2 Rh7 25. Rc3 Qxf2+ 26. Qxf2 Bxf2+
27. Kxf2 Kg7 28. Rb3 b6 29. Rxa7 Rhh8 30. Rg3+ Kf8 31. Rd3 Rg8 32. Rd6 Rg6 33.
Bf5 1-0

[Event "Mittelfrankenliga 05/06 (B2b)"]
[Site "Mfr.2005/06-R8"]
[Date "2006.04.02"]
[Round "8.2"]
[White "Greul, Hans"]
[Black "Lutz, Thomas"]
[Result "0-1"]
[WhiteElo "2038"]
[BlackElo "1975"]
[Annotator "SK Schwabach2-Bechhofen1"]
[PlyCount "84"]
[EventDate "2006.04.02"]
[SourceDate "2005.10.17"]

1. d4 Nf6 2. Nf3 d5 3. e3 g6 4. c4 Bg7 5. Nc3 O-O 6. Bd2 c6 7. Rc1 Nbd7 8. cxd5
Nxd5 9. Nxd5 cxd5 10. Qb3 Nf6 11. Be2 Ne4 12. Bb4 a5 13. Bc5 Nxc5 14. Rxc5 a4
15. Qxd5 Qxd5 16. Rxd5 Be6 17. Rb5 Bxa2 18. O-O e6 19. Ra1 Bd5 20. Rb4 Rfc8 21.
Bd1 Bf8 22. Rb6 Rc7 23. h3 a3 24. bxa3 Rxa3 25. Rbb1 b5 26. Nd2 b4 27. Kf1 Rca7
28. Rxa3 bxa3 29. e4 Bc6 30. Bb3 Bb4 31. Ke2 Bxd2 32. Kxd2 Bxe4 33. Rg1 Bxg2
34. Rxg2 a2 35. Bxa2 Rxa2+ 36. Ke3 Ra3+ 37. Ke4 Rxh3 38. f3 Kg7 39. Ra2 Kf6 40.
Ra5 Rh5 41. Re5 Rxe5+ 42. dxe5+ Kg5 0-1

[Event "Mittelfrankenliga 05/06 (B2b)"]
[Site "Mfr.2005/06-R8"]
[Date "2006.04.02"]
[Round "8.3"]
[White "Sejdic, Enis"]
[Black "Oberndoerfer, Dieter"]
[Result "1-0"]
[WhiteElo "2111"]
[BlackElo "1870"]
[Annotator "SK Schwabach2-Bechhofen1"]
[PlyCount "51"]
[EventDate "2006.04.02"]
[SourceDate "2005.10.17"]

1. e4 c5 2. Nf3 Nc6 3. c3 d5 4. exd5 Qxd5 5. Be2 Bg4 6. O-O e6 7. d4 cxd4 8.
cxd4 Rd8 9. Be3 Nf6 10. Nc3 Qd7 11. Qa4 Bd6 12. Rfe1 O-O 13. Rad1 Nd5 14. Bg5
f6 15. Bd2 Rfe8 16. Ne4 Nb6 17. Qb3 Bxf3 18. Qxf3 Nxd4 19. Qh5 Nxe2+ 20. Qxe2
Nd5 21. a3 Rc8 22. Be3 b6 23. Qh5 Be5 24. Bd4 Bxd4 25. Rxd4 Rc2 26. Rxd5 1-0

[Event "Mittelfrankenliga 05/06 (B2b)"]
[Site "Mfr.2005/06-R8"]
[Date "2006.04.02"]
[Round "8.4"]
[White "Pechan, Willi"]
[Black "Boese, Klaus"]
[Result "0-1"]
[WhiteElo "1808"]
[BlackElo "2020"]
[Annotator "SK Schwabach2-Bechhofen1"]
[PlyCount "40"]
[EventDate "2006.04.02"]
[SourceDate "2005.10.17"]

1. e4 d6 2. d4 g6 3. Nf3 Bg7 4. Be2 Bg4 5. c3 c6 6. O-O Qc7 7. Bf4 Nd7 8. Qb3
Ngf6 9. Ng5 O-O 10. f3 h6 11. fxg4 hxg5 12. Bxg5 Nxe4 13. Bxe7 Ndc5 14. dxc5
Qxe7 15. cxd6 Qxd6 16. Rf3 Qc5+ 17. Kf1 Be5 18. g3 Ng5 19. Rf2 Rad8 20. Na3 Ne4
0-1

[Event "Mittelfrankenliga 05/06 (B2b)"]
[Site "Mfr.2005/06-R8"]
[Date "2006.04.02"]
[Round "8.5"]
[White "Kaiser, Harald[66]"]
[Black "Hoerath, Michael"]
[Result "1/2-1/2"]
[WhiteElo "1935"]
[BlackElo "1764"]
[Annotator "SK Schwabach2-Bechhofen1"]
[PlyCount "46"]
[EventDate "2006.04.02"]
[SourceDate "2005.10.17"]

1. e4 c5 2. d4 e6 3. d5 exd5 4. exd5 d6 5. Nc3 Nf6 6. Bf4 Be7 7. Be2 O-O 8. h3
a6 9. a4 Qb6 10. Ra2 Qb4 11. Qd2 Nbd7 12. Nf3 Nb6 13. Bg5 Nbxd5 14. O-O Nxc3
15. bxc3 Qb6 16. a5 Qc7 17. Bf4 Rd8 18. c4 Bd7 19. Re1 Bc6 20. Ra3 Ne4 21. Qe3
Bf6 22. Bd3 Re8 23. Qc1 Rad8 1/2-1/2

[Event "Mittelfrankenliga 05/06 (B2b)"]
[Site "Mfr.2005/06-R8"]
[Date "2006.04.02"]
[Round "8.6"]
[White "Scheuerlein, Gerhard"]
[Black "Wind, Patrick"]
[Result "0-1"]
[WhiteElo "1712"]
[BlackElo "1872"]
[Annotator "SK Schwabach2-Bechhofen1"]
[PlyCount "54"]
[EventDate "2006.04.02"]
[SourceDate "2005.10.17"]

1. Nf3 c5 2. c4 Nc6 3. Nc3 g6 4. g3 Bg7 5. Bg2 e5 6. e4 Nge7 7. d3 O-O 8. Be3
Nd4 9. Qd2 d6 10. Bh6 Bh3 11. Nxd4 Bxg2 12. Rg1 cxd4 13. Rxg2 dxc3 14. bxc3 Qa5
15. Be3 f5 16. f3 fxe4 17. fxe4 Rf7 18. Ke2 Raf8 19. h4 a6 20. Rb1 b5 21. h5
Rc8 22. hxg6 Nxg6 23. Rb4 Bf8 24. Rb3 bxc4 25. Bb6 cxd3+ 26. Ke3 Qa4 27. Qxd3
Bh6+ 0-1